|
|
|
|
| LEADER |
02138nam a22003977a 4500 |
| 001 |
38973 |
| 003 |
BD-DhAAL |
| 008 |
220621t2020 enk||||| b||| 001 0 eng d |
| 020 |
|
|
|a 9780702074486
|
| 020 |
|
|
|a 9780702074479
|
| 040 |
|
|
|a BD-DhAAL
|c BD-DhAAL
|
| 082 |
|
|
|a 615.1
|2 23
|
| 245 |
|
|
|a Rang & Dale's pharmacology /
|c James M Ritter... [et al.].
|
| 246 |
|
|
|a Rang and Dale's pharmacology
|
| 250 |
|
|
|a Ninth edition
|
| 260 |
|
|
|a London :
|b Elsevier,
|c c2018.
|
| 300 |
|
|
|a xvi, 789 pages :
|b illustrations ;
|c 28 cm.
|
| 504 |
|
|
|a Includes bibliographical references and index.
|
| 526 |
|
|
|a PHR
|
| 541 |
|
|
|a Book Finder International
|e 38973, 38974, 38975, 38976, 38977
|
| 650 |
|
|
|a Pharmacology.
|9 49535
|
| 650 |
|
|
|a Pharmacy.
|9 49536
|
| 700 |
|
|
|a Ritter, James M.
|9 49537
|
| 700 |
|
|
|a Flower, Rod J.
|9 49538
|
| 700 |
|
|
|a Henderson, Graeme
|9 49539
|
| 700 |
|
|
|a Loke, Yoon Kong
|9 49540
|
| 700 |
|
|
|a MacEwan, David
|9 49541
|
| 700 |
|
|
|a Rang, Humphrey P.
|9 49542
|
| 852 |
|
|
|a Ayesha Abed Library
|c General Stacks
|
| 942 |
|
|
|2 ddc
|c BK
|
| 999 |
|
|
|c 44409
|d 44409
|
| 952 |
|
|
|0 0
|1 0
|2 ddc
|4 0
|6 615_100000000000000_RAN
|7 0
|9 71049
|a BRACUL
|b BRACUL
|c GEN
|d 2022-06-19
|e Book Finder International
|g 2631.76
|l 1
|m 30
|o 615.1 RAN
|p 3010038973
|r 2023-03-28
|s 2022-08-01
|t 1
|v 2631.76
|w 2022-06-19
|y BK
|
| 952 |
|
|
|0 0
|1 0
|2 ddc
|4 0
|6 615_100000000000000_RAN
|7 0
|9 71050
|a BRACUL
|b BRACUL
|c GEN
|d 2022-06-19
|e Book Finder International
|g 2631.76
|l 2
|m 33
|o 615.1 RAN
|p 3010038976
|r 2024-01-28
|s 2023-08-06
|t 4
|v 2631.76
|w 2022-06-19
|y BK
|
| 952 |
|
|
|0 0
|1 0
|2 ddc
|4 0
|6 615_100000000000000_RAN
|7 0
|9 71051
|a BRACUL
|b BRACUL
|c GEN
|d 2022-06-19
|e Book Finder International
|g 2631.76
|l 2
|m 15
|o 615.1 RAN
|p 3010038977
|r 2023-12-20
|s 2023-10-10
|t 5
|v 2631.76
|w 2022-06-19
|y BK
|
| 952 |
|
|
|0 0
|1 0
|2 ddc
|4 0
|6 615_100000000000000_RAN
|7 0
|9 71052
|a BRACUL
|b BRACUL
|c GEN
|d 2022-06-19
|e Book Finder International
|g 2631.76
|l 2
|m 32
|o 615.1 RAN
|p 3010038975
|r 2023-07-08
|s 2023-03-05
|t 3
|v 2631.76
|w 2022-06-19
|y BK
|
| 952 |
|
|
|0 0
|1 0
|2 ddc
|4 0
|6 615_100000000000000_RAN
|7 0
|9 71053
|a BRACUL
|b BRACUL
|c GEN
|d 2022-06-19
|e Book Finder International
|g 2631.76
|l 2
|m 19
|o 615.1 RAN
|p 3010038974
|r 2025-09-21
|s 2025-09-21
|t 2
|v 2631.76
|w 2022-06-19
|y BK
|